Tree of Liberty / (Record no. 187588)
[ view plain ]
| 000 -LEADER | |
|---|---|
| fixed length control field | 00822 a2200169 4500 |
| 003 - CONTROL NUMBER IDENTIFIER | |
| control field | Nust |
| 005 - DATE AND TIME OF LATEST TRANSACTION | |
| control field | 20230504131605.0 |
| 040 ## - CATALOGING SOURCE | |
| Transcribing agency | Nust |
| 082 ## - DEWEY DECIMAL CLASSIFICATION NUMBER | |
| Classification number | 973,PAG |
| 100 ## - MAIN ENTRY--PERSONAL NAME | |
| Personal name | Page, Elizabeth |
| 9 (RLIN) | 112115 |
| 245 ## - TITLE STATEMENT | |
| Title | Tree of Liberty / |
| Statement of responsibility, etc. | Elizabeth Page |
| 260 ## - PUBLICATION, DISTRIBUTION, ETC. | |
| Place of publication, distribution, etc. | London |
| Name of publisher, distributor, etc. | Collins |
| 300 ## - PHYSICAL DESCRIPTION | |
| Extent | 766:p |
| 505 ## - FORMATTED CONTENTS NOTE | |
| Formatted contents note | PART-1: The Fertile Soil January 1754 to Aug 1755 (Page-13), PART-2: Divergent Roots Nov 1759 to May 1776 (Page-47), PART-3: The Hot-Bed Oct to 1776 to April 1783 (Page-145), PART-4: The Untrimmed Tangle June 1783 to January 1789 (Page-253), PART-5: The Pruning Oct 1789 to April 1798 (Page-347), PART-6: The Mutilation of the Tree April 1798 to February 1801 (Page-509), PART-7: Symmetrical Growing March 1801 to Oct 1806(Page-659). |
| 650 ## - SUBJECT ADDED ENTRY--TOPICAL TERM | |
| Topical term or geographic name entry element | American people Life |
| 9 (RLIN) | 112116 |
| 942 ## - ADDED ENTRY ELEMENTS (KOHA) | |
| Source of classification or shelving scheme | |
| Koha item type | Book |
| Call number prefix | 973,PAG |
| Withdrawn status | Lost status | Source of classification or shelving scheme | Damaged status | Not for loan | Permanent Location | Current Location | Shelving location | Date acquired | Full call number | Barcode | Date last seen | Price effective from | Koha item type | Public note |
|---|---|---|---|---|---|---|---|---|---|---|---|---|---|---|
| Military College of Signals (MCS) | Military College of Signals (MCS) | General Stacks | 12/12/2016 | 973,PAG | MCS29901 | 12/08/2016 | 12/12/2016 | Book | Almirah No. 75, Shelf No. 8 |
